000 01308cam a2200133 4500500
005 20250921000805.0
041 _afre
042 _adc
100 1 0 _aReid, Martine
_eauthor
245 0 0 _aGeorge Sand
260 _bGallimard,
_c2013.
520 _a«Je suis l’enfant de mon siècle ; j’ai subi ses maux, j’ai partagé ses erreurs, j’ai bu à toutes ses sources de vie et de mort.»Amandine-Aurore-Lucile Dupin (1804-1876), devenue George Sand en 1832, avec la publication d’Indiana, fut, dès l’enfance imprégnée des traditions et des légendes de son Berry natal. Observatrice attentive de son temps, elle fume la pipe, s’habille en homme, affiche ses convictions républicaines, est l’amante enflammée de Musset et de Chopin, en un mot fait scandale. Son œuvre, de Consuelo à La Mare au diable, en passant par La Petite Fadette, culmine dans Histoire de ma vie, et fonde un genre littéraire: l’autobiographie au féminin. Amoureuse éperdue de la vie, George Sand écrit en 1831 à Sainte-Beuve: «Vivre ! Que c’est bon ! malgré les chagrins, les maris, l’ennui, les dettes, les parents, les cancans, malgré les poignantes douleurs.»
856 4 1 _uhttps://shs.cairn.info/george-sand--9782070444014?lang=fr&redirect-ssocas=7080
999 _c1503116
_d1503116